000 00293nam a22001337a 4500
008 170411b xxu||||| |||| 00| 0 eng d
020 _a9780443074226
041 _aeng
080 _a618
100 _a10
101 _aSHM
245 _aOBSTETRICS AND GYNECOLOGY
_cSTUDD.J
942 _2udc
_cBK
999 _c10363
_d10363